Water supply and waste disposal (Record no. 24106)

000 -LEADER
fixed length control field 00623nam a22002297a 4500
001 - CONTROL NUMBER
control field 24106
003 - CONTROL NUMBER IDENTIFIER
control field BD-DhUET
008 - FIXED-LENGTH DATA ELEMENTS--GENERAL INFORMATION
fixed length control field 150223b1963xxu||||| |||| 00| 0 eng d
040 ## - CATALOGING SOURCE
Original cataloging agency DLC
Transcribing agency DLC
Modifying agency BD-DhUET
082 ## - DEWEY DECIMAL CLASSIFICATION NUMBER
Classification number 628
Item number HAR/1963
100 ## - MAIN ENTRY--PERSONAL NAME
Personal name Hardenbergh, W. A.
245 ## - TITLE STATEMENT
Title Water supply and waste disposal
250 ## - EDITION STATEMENT
Edition statement 1st ed.
260 ## - PUBLICATION, DISTRIBUTION, ETC. (IMPRINT)
Place of publication, distribution, etc. Pennsylvania
Name of publisher, distributor, etc. International textbook
Date of publication, distribution, etc. 1963
300 ## - PHYSICAL DESCRIPTION
Extent xiii, 513 P.
Other physical details ill.
Dimensions 24 cm.
490 ## - SERIES STATEMENT
Series statement International textbooks in civil engineering
500 ## - GENERAL NOTE
General note

504 ## - BIBLIOGRAPHY, ETC. NOTE
Bibliography, etc
650 #0 - SUBJECT ADDED ENTRY--TOPICAL TERM
Topical term or geographic name as entry element Sanitary engineering
700 ## - ADDED ENTRY--PERSONAL NAME
Personal name Rodie, Edward R.
942 ## - ADDED ENTRY ELEMENTS (KOHA)
Koha item type General Book
Holdings
Koha date last seen Damaged status Source of classification or shelving scheme Location (home branch) Shelving location Withdrawn status Koha item type Not for loan Lost status Sublocation or collection (holding branch) Koha normalized classification for sorting Piece designation (barcode) Date acquired Price effective from Koha full call number Copy number
2015-05-06  Central Library, BUETCirculation section General Book  Central Library, BUET628_000000000000000_HAR_196315862015-05-062015-05-06628/HAR/19631
2015-05-06  Central Library, BUETCirculation section General Book  Central Library, BUET628_000000000000000_HAR_1963190472015-05-062015-05-06628/HAR/19632
2015-06-30  Central Library, BUETReading section Reading Item  Central Library, BUET628_000000000000000_HAR_196315872015-06-302015-06-30628/HAR/19633